Digesto Jurídico Argentino (Registro nro. 3457)
[ vista simple ]
| 000 -LEADER | |
|---|---|
| fixed length control field | 01383 a2200205 4500 |
| 001 - CONTROL NUMBER | |
| control field | 41314 |
| 005 - DATE AND TIME OF LATEST TRANSACTION | |
| control field | 20260407155707.0 |
| 008 - FIXED-LENGTH DATA ELEMENTS--GENERAL INFORMATION | |
| fixed length control field | 260407a2014 arg spa d |
| 003 - CONTROL NUMBER IDENTIFIER | |
| control field | AR-UNSa-BCEJYS |
| 040 ## - CATALOGING SOURCE | |
| Original cataloging agency | AR-UNSa-BCEJYS |
| Language of cataloging | spa |
| Transcribing agency | AR-UNSa-BCEJYS |
| 080 ## - UNIVERSAL DECIMAL CLASSIFICATION NUMBER | |
| Universal Decimal Classification number | 34 |
| Common auxiliary subdivision | Derecho |
| 041 ## - LANGUAGE CODE | |
| Language code of text/sound track or separate title | spa |
| 245 10 - TITLE STATEMENT | |
| Title | Digesto Jurídico Argentino |
| 264 #1 - PRODUCTION, PUBLICATION, DISTRIBUTION, MANUFACTURE, AND COPYRIGHT NOTICE | |
| Place of production, publication, distribution, manufacture | Buenos Aires : |
| Name of producer, publisher, distributor, manufacturer | Erreius |
| Date of production, publication, distribution, manufacture, or copyright notice | 2014 |
| 300 ## - PHYSICAL DESCRIPTION | |
| Extent | 93 p. |
| Dimensions | 26 cm. |
| 505 ## - FORMATTED CONTENTS NOTE | |
| Formatted contents note | 1. El digesto jurídico argentino fue aprobado por el congreso nacional / Eugenia Pruzzo - 2. Digesto jurídico argentino. Algunas pautas para entenderlo / Mabel Cristina Pilomeno - 3. El digesto jurídico argentino. Interrogantes y oportunidad para fortalecer la seguridad jurídica / Lorena M. Schiariti - 4. La aprobación parlamentaria del digesto jurídico argentino y sus efectos inmediatos / Rodolfo G. Papa - 5. El nuevo digesto jurídico argentino y el proyecto de código civil y comercial: reestructuración del código de comercio en su agonía / Orlando M. Muiño y Efraín H. Richard - 6. Algunas cuestiones a tener presente desde una perspectiva impositiva / Gabriel E. Ludueña y Eugenio Goyeneche - 7. El digesto jurídico argentino y el derecho del trabajo / Diana R. Cañal |
| 590 ## - LOCAL NOTE (RLIN) | |
| Local note | niveau_biblio:m niveau_hierar:0 |
| 856 41 - ELECTRONIC LOCATION AND ACCESS | |
| Uniform Resource Identifier | <a href="https://biblioeco.unsa.edu.ar/pmb/images/libros/E00028.jpg">https://biblioeco.unsa.edu.ar/pmb/images/libros/E00028.jpg</a> |
| Link text | Imagen de portada |
| Electronic format type | image/jpeg |
| 942 ## - ADDED ENTRY ELEMENTS (KOHA) | |
| Koha item type | |
| Withdrawn status | Lost status | Damaged status | Not for loan | Home library | Current library | Shelving location | Date acquired | Total checkouts | Full call number | Barcode | Date last seen | Price effective from | Koha item type |
|---|---|---|---|---|---|---|---|---|---|---|---|---|---|
| Biblioteca Prof. Eusebio Cleto del Rey | Biblioteca Prof. Eusebio Cleto del Rey | 07/04/2026 | E34 D572/ER | E00028 | 07/04/2026 | 07/04/2026 | Libro | ||||||
| Biblioteca Prof. Eusebio Cleto del Rey | Biblioteca Prof. Eusebio Cleto del Rey | 07/04/2026 | E34 D572/ER Ej.2 | E00029 | 07/04/2026 | 07/04/2026 | Libro |